Cultura viva : una recerca sobre les activitats culturals dels joves / Paul Willis una recerca sobre les activitats culturals dels joves / Paul Willis
Descripción Física:
120 p. ; 21 cm
Colección:
Materials de joventut ; 10
MARC
| LEADER | 00000nam a2200000Ia 4500 | ||
|---|---|---|---|
| 001 | 11862 | ||
| 008 | 160829s1998 xx 000 0 cat d | ||
| 080 | |a S-1-71 | ||
| 100 | |a Willis, Paul E. |9 25676 | ||
| 245 | |a Cultura viva : |b una recerca sobre les activitats culturals dels joves / Paul Willis | ||
| 260 | |a Barcelona : |b Diputació de Barcelona : |b Oficina del Pla Jove, |c 1998 | ||
| 300 | |a 120 p. ; |c 21 cm | ||
| 490 | |a Materials de joventut ; 10 | ||
| 650 | |a Joves |x Condicions socials |9 24941 | ||
| 650 | |a Lleure i joventut |9 24757 | ||
| 710 | 1 | |a Barcelona (Catalunya : Província). |b Oficina del Pla Jove |9 52707 | |
| 901 | |a Arxiu | ||
| 942 | |n 1 | ||
| 952 | |0 0 |1 0 |4 0 |6 S171 |7 1 |9 43730 |a Arxiu |b Arxiu |d 2016-12-01 |l 0 |o S-1-71 |p 11862 |r 2016-12-01 00:00:00 |w 2016-12-01 |y ARXIU | ||
| 999 | |c 46278 |d 46278 | ||